| 000 | 01270cam a22003614i 4500 | ||
|---|---|---|---|
| 999 |
_c33946 _d33946 |
||
| 001 | 3264 | ||
| 003 | CO-MdFUSB | ||
| 005 | 20180730145240.0 | ||
| 008 | 171127t19931996xxu||||| |||| 00| 0 eng d | ||
| 020 | _a0-8028-2433-1 | ||
| 040 |
_aCO-MdFUSB _bspa _cCO-MdFUSB _dCO-MdFUSBC _erda |
||
| 041 | 0 | _aeng | |
| 082 | 0 | 4 |
_aG 226.6 W784b _224 _bW784 |
| 245 | 4 |
_aThe Book of the Acts _c / Bruce W. Winter, andrew D. Clarke, Editores |
|
| 264 | 4 |
_aGrand Rapids, MI., USA : _b Eerdmans, _c℗1993 |
|
| 264 | 4 | _c©1996 | |
| 300 |
_c: 24 cm _a5 volúmenes |
||
| 336 |
_2rdacontent _atexto _btxt |
||
| 337 |
_2rdamedia _asin mediación _bn |
||
| 338 |
_2rdacarrier _avolumen _bnc |
||
| 490 | _aThe Book of Acts in its First Century Setting | ||
| 505 |
_tAntiguo entorno literario. -- _tEntorno Greco-Romano. -- _tEntorno palestino. -- _tPablo en custodia romana. -- _tEntorno de la diáspora. -- |
||
| 650 | 7 |
_aBiblia y literatura _923 |
|
| 720 |
_aWinter, Bruce _eeditor serie |
||
| 720 |
_aClarke, Andrew D. _eeditor |
||
| 720 |
_aGill, David W. J. _eeditor asesor |
||
| 720 |
_aMarshall, Howard _eeditor asesor |
||
| 720 |
_aRapske, Brian _eautor |
||
| 720 |
_aBauckham, Richard _eeditor |
||
| 720 |
_aLevinskaya, Irina _eautor |
||
| 942 | _cBK | ||